マイクラ肝試し らっだぁの相方 - Statistics

General Stats
  • This quiz has been taken 19 times
  • The average score is 9 of 14
Answer Stats
年代 本編マップ 相方 % Correct
2019 弾雨壱村→廃屋敷 ぺいんと
94%
2020 裏世界① ぺいんと
94%
2021 裏世界② ぺいんと
94%
2022 宇宙 ぺいんと
94%
2023 BACKROOMS ぺいんと
94%
2024 ぼくらの夏やすみ ぺいんと
94%
2025 Book of Märchen ぺいんと
94%
2023 BACKROOMS ぐちつぼ
81%
2024 ぼくらの夏やすみ ぐちつぼ
81%
2025 Book of Märchen ぐちつぼ
81%
2018 印洲升村→ 海底遺跡 わいわい
13%
2014 御山 赤石先生
0%
2015 戦艦島 ハヤシ
0%
2016 隠れ里(エンド) えふやん
0%
No matching quizzes found
Score Distribution
Percent of People with Each Score
Percentile by Number Answered
Your Score History
You have not taken this quiz